000 00957nam a22003137a 4500
003 CHAP
005 20220329135747.0
008 971013s1974 r 00010 d
010 _a41639
011 _a42611
035 _a46740
040 _cCHAP
082 _a519.2
_bE7
100 0 0 _aErdos, Paul.
_937286
245 _aProbabilistic methods in combinatories
260 _aNew York :
_bAcademic Press,
_c1974
300 _a106 p.
490 _aProbability and mathematical statistics
_v; 17
590 _aBATCH-UPD
_b10
_c20130110
_lUCH01
_h0153
590 _aBATCH-UPD
_b10
_c20130110
_lUCH01
_h1628
590 _aCONVERSION
_b10
_c20130109
_lUCH01
_h1323
650 1 4 _aCombinaciones.
_925548
650 1 4 _aProbabilidades.
_991687
700 0 _aSpencer, Joel H.
_9109195
830 0 _aProbability and mathematical statistics
_v; 17
_991689
901 _aBK
942 _cLIBRO
949 _a519.2 E7
_bBC
_cLIBRO
_d33724000409611
_eLIBRO
_h34909
_i46740
_si
999 _c41639
_d41639